书目信息 |
| 题名: |
沙漠地区公路设计与施工指南
|
|
| 作者: | ;新疆交通科学研究院 主编 | |
| 分册: | ||
| 出版信息: | 北京 人民交通出版社 2008.06 |
|
| 页数: | 112页 | |
| 开本: | 30cm | |
| 丛书名: | ||
| 单 册: | ||
| 中图分类: | U419.91-65 | |
| 科图分类: | ||
| 主题词: | 道路工程 | |
| 电子资源: | ||
| ISBN: | ||
| 000 | 00681nam0 2200193 450 | |
| 001 | 1444945769 | |
| 005 | 20140504123031.75 | |
| 010 | @dCNY32.00 | |
| 100 | @a20140504d2008 km y0chiy0120 ea | |
| 101 | 0 | @achi |
| 102 | @aCN@b110000 | |
| 200 | 1 | @a沙漠地区公路设计与施工指南@Asha mo di qu gong lu she ji yu shi gong zhi nan@f新疆交通科学研究院主编@Fxin jiang jiao tong ke xue yan jiu yuan zhu bian |
| 210 | @a北京@c人民交通出版社@d2008.06 | |
| 215 | @a112页@d30cm | |
| 606 | 0 | @a道路工程 |
| 690 | @aU419.91-65@v4 | |
| 711 | 02 | @a新疆交通科学研究院@Axin jiang jiao tong ke xue yan jiu yuan@4主编 |
| 801 | 0 | @aCN@b大连网信软件有限公司图书馆·11@c20140504 |
| 905 | @aZUCC@dU419.91-65@eX554 | |
| 沙漠地区公路设计与施工指南/新疆交通科学研究院主编.-北京:人民交通出版社,2008.06 |
| 112页;30cm |
| ISBN :CNY32.00 |
| ● |
| 相关链接 |
|
|
|
正题名:沙漠地区公路设计与施工指南
索取号:U419.91-65/X554
 
预约/预借
| 序号 | 登录号 | 条形码 | 馆藏地/架位号 | 状态 | 备注 |
| 1 | 493054 | 204930548 | 土木与交通工程学院资料室/ [索取号:U419.91-65/X554] | 在馆 | |
| 2 | 493055 | 204930557 | 土木与交通工程学院资料室/ [索取号:U419.91-65/X554] | 在馆 | |
| 3 | 493056 | 204930566 | 土木与交通工程学院资料室/ [索取号:U419.91-65/X554] | 在馆 | |
| 4 | 493057 | 204930575 | 土木与交通工程学院资料室/ [索取号:U419.91-65/X554] | 在馆 | |
| 5 | 493058 | 204930584 | 土木与交通工程学院资料室/ [索取号:U419.91-65/X554] | 在馆 |